| 000 | 00922nas a2200253 4500 | ||
|---|---|---|---|
| 001 | BR8201788 | ||
| 003 | BR-BrBNA | ||
| 005 | 20231205085112.0 | ||
| 007 | ta | ||
| 008 | 230509b bl.|||p| |||| 00| 00por d | ||
| 040 |
_aBR-BrBNA _bpor _cBiblioteca Nacional de Agricultura |
||
| 041 | _a(Pt) | ||
| 072 | _aF00; F60 | ||
| 100 | 1 | _aSantos, A.M. dos | |
| 100 | 1 | _aLopes, N.F. | |
| 245 | 1 |
_aExpressao do sexo, crescimento e producao de pepino (Cucumis sativus L.)com emprego de substancias reguladoras de crescimento _bParte de tese |
|
| 246 | 1 |
_aSex expression, growth and yield of cucumber (Cucumis sativus L.)with use of growth regulators _b[Part of thesis] |
|
| 650 | _aPEPINO | ||
| 650 | _aREGULADOR DE CRESCIMENTO | ||
| 650 | _aCRESCIMENTO | ||
| 773 | 0 |
_tRevista Ceres (Brazil) _xISSN 0034-737X _g(Sep 1981), v. 28(159) p. 444-457 _wBR8201788 |
|
| 909 |
_a202311 _bLúcia _c55 _dLúcia Elande |
||
| 942 |
_2AGRIS _n0 _cANA |
||
| 999 |
_c109215 _d109215 |
||